UM Logo

The new teacher's guide to OFSTED : (Record no. 16751)

MARC details
000 -LEADER
fixed length control field 00942cam a22002775i 4500
001 - CONTROL NUMBER
control field 21443865
005 - DATE AND TIME OF LATEST TRANSACTION
control field 20220325153847.0
008 - FIXED-LENGTH DATA ELEMENTS--GENERAL INFORMATION
fixed length control field 200224s2020 cau 000 0 eng
010 ## - LIBRARY OF CONGRESS CONTROL NUMBER
LC control number 2020933767
020 ## - INTERNATIONAL STANDARD BOOK NUMBER
International Standard Book Number 9781529712094
020 ## - INTERNATIONAL STANDARD BOOK NUMBER
Canceled/invalid ISBN 9781529729801
040 ## - CATALOGING SOURCE
Original cataloging agency DLC
Language of cataloging eng
Description conventions rda
Transcribing agency DLC
042 ## - AUTHENTICATION CODE
Authentication code pcc
082 ## - DEWEY DECIMAL CLASSIFICATION NUMBER
Edition number 2020
Classification number DC 379.1580942
Item number St727
100 1# - MAIN ENTRY--PERSONAL NAME
Personal name Stones, Samuel,
Relator term author.
9 (RLIN) 44790
245 14 - TITLE STATEMENT
Title The new teacher's guide to OFSTED :
Remainder of title the 2019 education inspection framework /
Statement of responsibility, etc. Samuel Stones, Jonathan Glazzard.
260 ## - PUBLICATION, DISTRIBUTION, ETC. (IMPRINT)
Place of publication, distribution, etc. London :
Name of publisher, distributor, etc. Learning Matters ,
Date of publication, distribution, etc. ©2020.
263 ## - PROJECTED PUBLICATION DATE
Projected publication date 2005
300 ## - PHYSICAL DESCRIPTION
Extent xii, 107 pages :
Other physical details illustrations ;
Dimensions 24 cm.
500 ## - GENERAL NOTE
General note Includes bibliographical references and index.
650 ## - SUBJECT ADDED ENTRY--TOPICAL TERM
Topical term or geographic name as entry element Educational evaluation
Geographic subdivision England.
9 (RLIN) 44791
700 1# - ADDED ENTRY--PERSONAL NAME
Personal name Glazzard, Jonathan,
Relator term author.
9 (RLIN) 44792
906 ## - LOCAL DATA ELEMENT F, LDF (RLIN)
a 0
b ibc
c orignew
d 2
e epcn
f 20
g y-gencatlg
942 ## - ADDED ENTRY ELEMENTS (KOHA)
Source of classification or shelving scheme Dewey Decimal Classification
Koha item type Circulation
Holdings
Withdrawn status Lost status Source of classification or shelving scheme Damaged status Not for loan Collection code Home library Current library Date acquired Source of acquisition Cost, normal purchase price Total Checkouts Full call number Barcode Date last seen Price effective from Koha item type
    Dewey Decimal Classification     Circulation UM Digos College - LIC UM Digos College - LIC 02/10/2022 Purchased 3299.00   DC 379.1580942 St727 2020 26518 05/15/2025 03/25/2022 Circulation